| Tag |
First Indicator |
Second Indicator |
Subfields |
| LEADER |
00000nam a2200000 4500 |
| 001 |
in00004191069 |
| 005 |
20200806080402.0 |
| 006 |
m g d |
| 007 |
cr bn |||a|bb| |
| 008 |
931217s1659 enk o 00 eng d |
| 035 |
|
|
|a (UnM)99883361
|
| 037 |
|
|
|a CL2105000002
|b ProQuest Information and Learning. 300 N. Zeeb Rd., Ann Arbor, MI 48106
|
| 040 |
|
|
|a Cu-RivES
|c Cu-RivES
|d CStRLIN
|d Cu-RivES
|e dcrb
|
| 100 |
1 |
|
|a Fox, George,
|d 1624-1691.
|
| 245 |
1 |
2 |
|a A paper sent forth into the vvorld from them that are scornfully called Quakers, :
|b declaring the grounds and reasons why they deny the teachers of the world, (who profess themselves to be ministers) and dissent from them.
|
| 246 |
2 |
|
|a Paper sent forth into the world from them that are scornfully called Quakers
|
| 260 |
|
|
|a [London :
|b printed for Thomas Simmons at the sign of the Bull and Mouth near Aldersgate,
|c 1659]
|
| 300 |
|
|
|a 1 online resource (8 pages)
|
| 336 |
|
|
|a text
|b txt
|2 rdacontent
|
| 337 |
|
|
|a computer
|b c
|2 rdamedia
|
| 338 |
|
|
|a online resource
|b cr
|2 rdacarrier
|
| 500 |
|
|
|a Anonymous. By George Fox.
|
| 500 |
|
|
|a Caption title.
|
| 500 |
|
|
|a Imprint from colophon.
|
| 500 |
|
|
|a Reproduction of original in the British Library.
|
| 510 |
4 |
|
|a Wing (CD-ROM, 1996)
|c F1876
|
| 510 |
4 |
|
|a Early English books tract supplement interim guide
|c 855.f.3[3*]
|
| 533 |
|
|
|a Electronic reproduction.
|b Ann Arbor, Mich. :
|c UMI,
|d 1999-
|f (Early English books online)
|n Digital version of: (Early English books; Tract supplement ; B9:1[4])
|7 s1999 miun s
|
| 650 |
|
0 |
|a Society of Friends
|x Doctrines
|v Early works to 1800.
|
| 830 |
|
0 |
|a Early English books online.
|
| 856 |
4 |
0 |
|u http://proxy.library.tamu.edu/login?url=https://search.proquest.com/docview/2248521223
|z Connect to the full text of this electronic book
|t 0
|
| 999 |
f |
f |
|s 9475ced6-9594-3f14-80d4-a229fd652e4a
|i 46c5302b-e1bd-320d-9d4b-fade8093935a
|t 0
|
| 952 |
f |
f |
|a Texas A&M University
|b College Station
|c Electronic Resources
|d Available Online
|t 0
|h No information provided
|
| 998 |
f |
f |
|t 0
|l Available Online
|